TENWEK HOSP HOME | SOC  | ASK A LIBRARIANSTAFF LOGIN  |  DIGITAL REPOSITORYe-BOOK PORTAL  |  OFF-CAMPUS PORTAL  |  DONATE

Community health nursing : (Record no. 1912)

MARC details
000 -LEADER
fixed length control field 01127cam a2200313 a 4500
001 - CONTROL NUMBER
control field 3507158
003 - CONTROL NUMBER IDENTIFIER
control field Ke-BoTe
005 - DATE AND TIME OF LATEST TRANSACTION
control field 20220427153720.0
008 - FIXED-LENGTH DATA ELEMENTS--GENERAL INFORMATION
fixed length control field 951025s1996 moua b 001 0 eng c
010 ## - LIBRARY OF CONGRESS CONTROL NUMBER
LC control number 95039516
020 ## - INTERNATIONAL STANDARD BOOK NUMBER
International Standard Book Number 0815181426
040 ## - CATALOGING SOURCE
Original cataloging agency DNLM/DLC
Transcribing agency DLC
Modifying agency DLC
050 00 - LIBRARY OF CONGRESS CALL NUMBER
Classification number RT98
Item number .C6562 1996
060 10 - NATIONAL LIBRARY OF MEDICINE CALL NUMBER
Classification number WY 106 C7356 1995
082 00 - DEWEY DECIMAL CLASSIFICATION NUMBER
Classification number 610.73/43
Edition number 20
100 ## - MAIN ENTRY--PERSONAL NAME
Personal name Stanhope, Marcia.
9 (RLIN) 3777
245 00 - TITLE STATEMENT
Title Community health nursing :
Remainder of title promoting health of aggregates, families, and individuals /
Statement of responsibility, etc. [edited by] Marcia Stanhope, Jeanette Lancaster.
250 ## - EDITION STATEMENT
Edition statement 4th ed.
260 ## - PUBLICATION, DISTRIBUTION, ETC.
Place of publication, distribution, etc. St. Louis :
Name of publisher, distributor, etc. Mosby,
Date of publication, distribution, etc. c1996.
300 ## - PHYSICAL DESCRIPTION
Extent xxvii, 1124 p. :
Other physical details ill. (some col.) ;
Dimensions 29 cm.
504 ## - BIBLIOGRAPHY, ETC. NOTE
Bibliography, etc. note Includes bibliographical references and index.
650 #0 - SUBJECT ADDED ENTRY--TOPICAL TERM
Topical term or geographic name entry element Community health nursing.
9 (RLIN) 3369
650 12 - SUBJECT ADDED ENTRY--TOPICAL TERM
Topical term or geographic name entry element Community Health Nursing
Geographic subdivision United States.
9 (RLIN) 3529
700 1# - ADDED ENTRY--PERSONAL NAME
Personal name Stanhope, Marcia.
9 (RLIN) 3777
700 1# - ADDED ENTRY--PERSONAL NAME
Personal name Lancaster, Jeanette.
9 (RLIN) 3778
906 ## - LOCAL DATA ELEMENT F, LDF (RLIN)
a 7
b cbc
c orignew
d 1
e ocip
f 19
g y-gencatlg
942 ## - ADDED ENTRY ELEMENTS (KOHA)
Source of classification or shelving scheme Library of Congress Classification
Koha item type Books
Suppress in OPAC No
Holdings
Withdrawn status Lost status Source of classification or shelving scheme Damaged status Not for loan Collection code Home library Current library Shelving location Date acquired Total Checkouts Full call number Barcode Date last seen Copy number Price effective from Koha item type
    Library of Congress Classification     Non-fiction SCHOOL OF HEALTH SCIENCES SCHOOL OF HEALTH SCIENCES General Stacks 27.04.2022   RT98 .C6562 1996 c1 00001734 27.04.2022 1 27.04.2022 Books
    Library of Congress Classification     Non-fiction SCHOOL OF HEALTH SCIENCES SCHOOL OF HEALTH SCIENCES General Stacks 27.04.2022   RT98 .C6562 1996 c2 00001735 27.04.2022 2 27.04.2022 Books
    Library of Congress Classification     Non-fiction SCHOOL OF HEALTH SCIENCES SCHOOL OF HEALTH SCIENCES General Stacks 27.04.2022   RT98 .C6562 1996 c3 00001736 27.04.2022 3 27.04.2022 Books